The theory of peasant economy / (Record no. 1683)

MARC details
000 -LEADER
fixed length control field 00799nam a22002297a 4500
003 - CONTROL NUMBER IDENTIFIER
control field BD-DhJNU
005 - DATE AND TIME OF LATEST TRANSACTION
control field 20250508070859.0
008 - FIXED-LENGTH DATA ELEMENTS--GENERAL INFORMATION
fixed length control field 250508b |||||||| |||| 00| 0 eng d
040 ## - CATALOGING SOURCE
Original cataloging agency BD-DhJNU
Language of cataloging ENG
Transcribing agency BD-DhJNU
Modifying agency BD-DhJNU
082 ## - DEWEY DECIMAL CLASSIFICATION NUMBER
Edition number 23
Classification number 338.10947 CHT
100 ## - MAIN ENTRY--PERSONAL NAME
Personal name Chayanov, A. V.
245 ## - TITLE STATEMENT
Title The theory of peasant economy /
Statement of responsibility, etc. A.V. Chayanov ; edited by Daniel Thorner, Basile Kerblay and R.E.F. Smith
Medium
260 ## - PUBLICATION, DISTRIBUTION, ETC.
Place of publication, distribution, etc. Wisconsin :
Name of publisher, distributor, etc. The University of Wisconsin Press,
Date of publication, distribution, etc. 1986.
300 ## - PHYSICAL DESCRIPTION
Extent lxxv, 317p. :
Other physical details ill. ;
Dimensions 24 cm.
490 ## - SERIES STATEMENT
Series statement The American Economic Association translation series
504 ## - BIBLIOGRAPHY, ETC. NOTE
Bibliography, etc. note Includes index
650 ## - SUBJECT ADDED ENTRY--TOPICAL TERM
Topical term or geographic name entry element Agriculture
700 ## - ADDED ENTRY--PERSONAL NAME
Personal name Thorner, Daniel
Relator term editor
700 ## - ADDED ENTRY--PERSONAL NAME
Personal name Kerblay, Basile H
Relator term editor
700 ## - ADDED ENTRY--PERSONAL NAME
Personal name Smith, R. E. F
Relator term editor
942 ## - ADDED ENTRY ELEMENTS (KOHA)
Source of classification or shelving scheme Dewey Decimal Classification
Koha item type Books
Suppress in OPAC No
Holdings
Withdrawn status Lost status Source of classification or shelving scheme Damaged status Not for loan Collection Home library Current library Shelving location Date acquired Source of acquisition Total checkouts Full call number Barcode Date last seen Copy number Price effective from Koha item type
    Dewey Decimal Classification     Non-fiction Jagannath University Central Library Jagannath University Central Library General stacks 05/08/2025 Purchased   338.10947 CHT JNUCL25764 05/08/2025 1 05/08/2025 Books